| 000 | 01644nam a2200241 a 4500 | ||
|---|---|---|---|
| 999 |
_c1363 _d1363 |
||
| 003 | AR-BaISA | ||
| 005 | 20230801160829.0 | ||
| 006 | aao||fr|||| 00| 0 | ||
| 008 | 230801s2015 ag ao||f |||| 001 0 spa d | ||
| 020 | _a9789501292725 | ||
| 040 |
_bspa _cAR-BaISA |
||
| 082 | 0 | 4 |
_222 _a155.4 Ab37 |
| 100 |
_92978 _aAberastury, Arminda _eaut. |
||
| 245 |
_aTeoría y técnica del psicoanálisis de niños / _cArminda Aberastury |
||
| 300 | _a284 p. | ||
| 490 | _aBiblioteca fundamental de las ciencias de la psicología / Posfreudianos | ||
| 504 | _aBibliografía p.: [279]-284 | ||
| 504 | _aÍndice analítico p.: [269]-278 | ||
| 505 |
_tHISTORIA DE LA TÉCNICA: _tAnálisis de la fobia de un niño de 5 años -- _tNacimiento de una técnica -- _tDos corrientes en psicoanálisis de niños -- _tEl psicoanálisis de niños en la Argentina -- _tTÉCNICA ACTUAL: _tLa entrevista inicial con los padres -- _tEl consultorio, el material de juego, el cajón individual: problemas técnicos que surgen de su manejo diario -- _tLa primera hora de juego, su significado -- _tEntrevistas posteriores con los padres -- _tHISTORIALES CLÍNICOS: _tHistoriales clínicos -- _tConflictos en la elaboración del duelo Primera parte, Pola I. de Tomás Segundar parte, Susana L. de Ferrer -- _tFragmentos de historiales -- _tElizabeth G. de Garma / Surgimiento de ansiedades analsadomasoquísticas enquistadas, por fracasos en la lactencia -- _tPROFILAXIS DE LA NEUROSIS INFANTIL: _tGrupos de orientación de madres -- _tNuevas perspectivas en la terapia |
||
| 650 | 1 | 4 |
_9141 _aPsicoanálisis |
| 650 | 1 | 4 |
_91932 _aPsicología infantil |
| 942 |
_2ddc _cLI _e22 |
||